00890naa a2200205 a 450000100080000000500110000800800410001910000140006024500760007426000090015052003520015965000120051165000160052365300180053965300090055765300190056670000160058570000180060177300650061910554741999-06-17 1996 bl --- 0-- u #d1 aCHAND, L. aRelationship among different genetic groups for growth traits in goats. c1996 aGrowth performance index based on body weight, pin-shoulder length, growth velocity and growth rate of animals upto one month of age explains more variability in goats as compared to the component traits. The procedure to study the relationship existing among various genetic groups of goats based on several growth traits has also been explained. aCaprino aCrescimento aGenetic group aGoat aGrupo genetico1 aWAHI, S. D.1 aBHATIA, V. K. tIndian Journal of Dairy Sciencegv.49, n.8, p.511-516, 1996.